00000000nam 2200000zi 4500
0019.948465
003CaOODSP
00520250822111602
006m     o  d f      
007cr cn|||||||||
008250226t20252025onca    o    f000 0 fre d
020 |a9780660760193
040 |aCaOODSP|bfre|erda|cCaOODSP
043 |an-cn---
0861 |aJU5-29/2025F-PDF
24504|aUne visite hibou-stouflante.
264 1|a[Ottawa] : |bCour suprême du Canada, |c[2025]
264 4|c©2025
300 |a1 ressource en ligne (13 pages) : |billustrations en couleur
336 |atexte|btxt|2rdacontent/fre
337 |ainformatique|bc|2rdamedia/fre
338 |aressource en ligne|bcr|2rdacarrier/fre
500 |aTitre de la couverture.
500 |aPublié aussi en anglais sous le titre : Owl about the Court.
530 |aÉgalement publié en version imprimée.
61016|aCanada. |bCour suprême|vOuvrages pour la jeunesse.
7101 |aCanada. |bCour suprême, |eorganisme de publication.
77508|tOwl about the Court.|w(CaOODSP)9.948464
7760#|tUne visite hibou-stouflante.|w(CaOODSP)9.948471
85640|qPDF|s49.8 Mo|uhttps://publications.gc.ca/collections/collection_2025/csc-scc/JU5-29-2025-fra.pdf